|
|
|
|
| LEADER |
01778nam a2200421 i 4500 |
| 001 |
EBC485487 |
| 003 |
MiAaPQ |
| 005 |
20200520144314.0 |
| 006 |
m o d | |
| 007 |
cr cnu|||||||| |
| 008 |
140512t20102010nyu ob 000 0 eng d |
| 020 |
|
|
|z 9780875867502
|
| 020 |
|
|
|a 9780875867526
|q (electronic bk.)
|
| 035 |
|
|
|a (MiAaPQ)EBC485487
|
| 035 |
|
|
|a (Au-PeEL)EBL485487
|
| 035 |
|
|
|a (CaPaEBR)ebr10864681
|
| 035 |
|
|
|a (CaONFJC)MIL291602
|
| 035 |
|
|
|a (OCoLC)610027099
|
| 040 |
|
|
|a MiAaPQ
|b eng
|e rda
|e pn
|c MiAaPQ
|d MiAaPQ
|
| 050 |
|
4 |
|a HC21
|b .A935 2010
|
| 082 |
0 |
|
|a 339.3/1021
|2 22
|
| 100 |
1 |
|
|a Avakov, Aleksandr V.
|q (Aleksandr Vladimirovich),
|d 1954-
|e author.
|
| 245 |
1 |
0 |
|a Two thousand years of economic statistics :
|b world population, GDP, and PPP /
|c Alexander V. Avakov.
|
| 264 |
|
1 |
|a New York :
|b Algora Publishing,
|c 2010.
|
| 264 |
|
4 |
|c 2010
|
| 300 |
|
|
|a 1 online resource (400 pages)
|
| 336 |
|
|
|a text
|2 rdacontent
|
| 337 |
|
|
|a computer
|2 rdamedia
|
| 338 |
|
|
|a online resource
|2 rdacarrier
|
| 504 |
|
|
|a Includes bibliographical references.
|
| 588 |
|
|
|a Description based on print version record.
|
| 590 |
|
|
|a Electronic reproduction. Ann Arbor, MI : ProQuest, 2015. Available via World Wide Web. Access may be limited to ProQuest affiliated libraries.
|
| 650 |
|
0 |
|a Economic history
|v Statistics.
|
| 650 |
|
0 |
|a Economic indicators.
|
| 655 |
|
4 |
|a Electronic books.
|
| 776 |
0 |
8 |
|i Print version:
|a Avakov, Aleksandr V. (Aleksandr Vladimirovich), 1954-
|t Two thousand years of economic statistics : world population, GDP, and PPP.
|d New York : Algora Publishing, c2010
|h xii, 390 pages
|z 9780875867502
|w 2009037757
|
| 797 |
2 |
|
|a ProQuest (Firm)
|
| 856 |
4 |
0 |
|u https://ebookcentral.proquest.com/lib/matrademy/detail.action?docID=485487
|z Click to View
|